Catálogo
 En Linea

La última copa del festín /. (Registro nro. 8991)

Detalles MARC
000 -CABECERA
campo de control de longitud fija 00393nam a2200145 a 4500
001 - NÚMERO DE CONTROL
campo de control 000009228
005 - FECHA Y HORA DE LA ÚLTIMA TRANSACCIÓN
campo de control 20200929161526.0
008 - DATOS DE LONGITUD FIJA--INFORMACIÓN GENERAL
campo de control de longitud fija 090929s1945 ag 001 0 spa d
040 ## - FUENTE DE LA CATALOGACIÓN
Centro catalogador/agencia de origen DO-SdBNP
Lengua de catalogación spa
Centro/agencia transcriptor BNPHU
082 ## - NÚMERO DE LA CLASIFICACIÓN DECIMAL DEWEY
Número de clasificación xxxx
Número de documento/Ítem U471c
049 ## - FONDOS LOCALES (OCLC)
Fondos de biblioteca BNPD
245 03 - MENCIÓN DE TÍTULO
Título La última copa del festín /.
260 ## - PUBLICACIÓN, DISTRIBUCIÓN, ETC.
Lugar de publicación, distribución, etc. Buenos Aires, Argentina :
Nombre del editor, distribuidor, etc. Colón Echavarría,
Fecha de publicación, distribución, etc. 1945.
300 ## - DESCRIPCIÓN FÍSICA
Extensión 231 P. ;
Dimensiones 19 cm.
Existencias
Estado de retiro Estado de pérdida Restricciones de uso No para préstamo Código de colección Localización permanente Ubicación/localización actual Ubicación en estantería Fecha de adquisición Número de inventario Total de préstamos Signatura topográfica completa Código de barras Fecha visto por última vez Precio válido a partir de Tipo de ítem Koha
      Excluido de préstamo Raros y valiosos Patrimonio Dominicano Patrimonio Dominicano En catalogación 29.09.2009 LF1   xxxx U471c 9228-10 25.06.2020 25.06.2020 No se presta

Con tecnología Koha